Solid state physics /

محفوظ في:
التفاصيل البيبلوغرافية
المؤلف الرئيسي: Kachhava, C.M.
التنسيق: Sách giấy
اللغة:English
منشور في: New Delhi : Tata McGraw-Hill , 1990
الوسوم: إضافة وسم
لا توجد وسوم, كن أول من يضع وسما على هذه التسجيلة!
Thư viện lưu trữ: Thư viện Trường Đại học Đà Lạt
LEADER 00547nam a2200241 4500
001 DLU020017748
005 ##4/23/2001
020 # # |a 978- 
041 # # |a eng 
082 # # |a 530.41  |b KA-C 
100 # # |a Kachhava, C.M. 
245 # # |a Solid state physics /  |c C.M. Kachhava 
260 # # |a New Delhi :  |b Tata McGraw-Hill ,  |c 1990 
300 # # |a 223 tr., XX;   |c 23 cm. 
992 # # |a 77121 
994 # # |a DLU 
900 # # |a False 
911 # # |a Administrator 
925 # # |a G 
926 # # |a A 
927 # # |a SH 
980 # # |a Thư viện Trường Đại học Đà Lạt